000 00876 a2200193 4500
003 NUST
005 20251121144650.0
040 _cNust
082 _a621.382,KHA
100 _aKhan , NC Raheel (TCC-17)
_9131983
245 _aImplementation of turbo codes in interleave division multiple access (IDMA) systems using unequal power allocation/
_cNC Raheel Khan, NC Rida Naveed, PC Tanveer Mujtaba Zaidi and NC Syed Nabeel Zaidi
260 _aRawalpindi
_bMCS (NUST)
_c2009
300 _a64 p.;
505 _aIntroduction (Page-1), Turbo Codes (Page-5), Interleave Division Multiple Access (IDMA) (Page-30), Interleaver Design (Page-37), Simulation Results (Page-46), Future Work and Conclusion (Page-60), References (Page-64).
650 _aUG Projects
_998716
651 _aTCC-17A
_9131971
700 _aSupervised by Asst Prof Imtiaz Ahmed
_9131984
942 _cPR
_2ddc
999 _c182289
_d182289